Manual of law terms and phrases : (Record no. 136565)

MARC details
000 -LEADER
fixed length control field 00641nam a2200217 4500
010 ## - LIBRARY OF CONGRESS CONTROL NUMBER
LC control number 712713
035 ## - SYSTEM CONTROL NUMBER
System control number 712713
037 ## - SOURCE OF ACQUISITION
Source of stock number/acquisition Cen Lib / Ret
040 ## - CATALOGING SOURCE
Original cataloging agency DPL
Language of cataloging EN
082 ## - DEWEY DECIMAL CLASSIFICATION NUMBER
Classification number 340.03
Item number AIY
100 ## - MAIN ENTRY--PERSONAL NAME
Personal name Aiyers
245 ## - TITLE STATEMENT
Title Manual of law terms and phrases :
Remainder of title (as judicially expounded) /
Statement of responsibility, etc by Aiyer's ; revised by M. L. Chandak
250 ## - EDITION STATEMENT
Edition statement 7th ed
260 ## - PUBLICATION, DISTRIBUTION, ETC. (IMPRINT)
Place of publication, distribution, etc Allahabad
Name of publisher, distributor, etc Law Book Co.
Date of publication, distribution, etc 1973
270 ## - ADDRESS
Address Sardar Patel Marg, Post Box no. 4
City Allahabad
300 ## - PHYSICAL DESCRIPTION
Extent 870p
Other physical details 24(Hb)
650 ## - SUBJECT ADDED ENTRY--TOPICAL TERM
Topical term or geographic name as entry element Law -- India -- Dictionaries.
650 ## - SUBJECT ADDED ENTRY--TOPICAL TERM
Topical term or geographic name as entry element Law
700 ## - ADDED ENTRY--PERSONAL NAME
Personal name M. L. Chandak
942 ## - ADDED ENTRY ELEMENTS (KOHA)
Source of classification or shelving scheme Dewey Decimal Classification
Koha item type English Books
Classification part 340.03
Call number suffix AIY
Holdings
Withdrawn status Lost status Source of classification or shelving scheme Damaged status Not for loan Collection code Home library Current library Date acquired Source of acquisition Total Checkouts Full call number Barcode Date last seen Price effective from Koha item type
    Dewey Decimal Classification   Not For Loan Reference Central Library Central Library 04/03/2016 Cen Lib/Ret   340.03 AIY 712713 04/03/2016 04/03/2016 English Books

© Delhi Public Library
Hit Counter
free hit counter